[Event "120th Taflfelag Reykjavik-A 2020"]
[Site "Reykjavik"]
[Date "2020.09.14"]
[Round "1.1"]
[White "Bjornsson, Sigurbjorn"]
[Black "Gretarsson, Hjorvar Steinn"]
[Result "0-1"]
[WhiteElo "2357"]
[BlackElo "2579"]
[Annotator "TA"]
[PlyCount "92"]
[EventDate "2020.09.13"]
[EventType "tourn"]
[EventCountry "ISL"]
[SourceTitle "playchess.com"]
[Source "ChessBase"]
[SourceQuality "1"]

{[%evp 17,92,-4,-4,0,0,0,0,0,0,-15,-18,-8,0,-6,-5,-7,0,0,0,0,0,-2,0,0,0,-11,-8,-6,-6,-12,-12,-6,-12,-19,-13,-38,-47,-50,-50,-50,-50,-53,-45,-45,-54,-42,-39,-39,-49,-54,-46,-52,-47,-49,-25,-52,-25,-52,-59,-76,-69,-95,-21,-21,28,42,41,0,0,0,0,0,0,-1767,-1760,-1659,-1644]} 1. e4 e6 2. d4 d5 3. Nd2 Be7 4. Ngf3 Nf6 5. Bd3 c5 6. c3 cxd4 7. cxd4 dxe4 8. Nxe4 Nc6 9. O-O O-O 10. Be3 {B22: Sicilian: 2 c3.} Nb4 11. Nxf6+ Bxf6 12. Be4 {The position is equal.} Nd5 13. Qb3 b6 14. Bxd5 exd5 15. Ne5 Be6 {[#] White must now prevent ...Bxe5.} 16. Bf4 $146 ({Predecessor:} 16. Rac1 Bxe5 {0-1 (16) Vajda,S (2359)-Ganguly,S (2660) Caleta 2016}) 16... Rc8 17. Rac1 Qe7 18. h3 Qb7 19. a3 Be7 20. Qg3 f6 21. Ng4 Qd7 22. Rfe1 Rxc1 23. Rxc1 {Strongly threatening Rc7.} Rc8 24. Rxc8+ Qxc8 25. Bd6 Bd8 26. Bb8 Kf7 27. Qf4 g5 28. Qd6 h5 29. Ne3 Qc1+ 30. Kh2 Be7 31. Qc7 Qxc7+ 32. Bxc7 $15 {[%mdl 4096] Endgame KBB-KBN} Ke8 {...Kd7 is the strong threat.} 33. Kg1 Kd7 34. Bb8 Kc6 35. Kf1 a5 36. Ke2 b5 37. Kd3 h4 38. Bh2 f5 39. Be5 g4 (39... f4 $17 40. Nf1 f3 $1 {[%mdl 512]}) 40. Bf4 $11 Bd6 41. Bxd6 Kxd6 {KB-KN} 42. f4 gxf3 43. gxf3 f4 $1 {[%csl LRe3,LRh3]} 44. Ng2 Bxh3 45. Nxf4 $2 {[%mdl 8192] [#]} (45. Nxh4 $11 Ke6 46. Ke2) 45... Bf1+ $1 $19 46. Ke3 h3 {Accuracy: White = 79%, Black = 89%.} 0-1

[Event "120th Taflfelag Reykjavik-A 2020"]
[Site "Reykjavik"]
[Date "2020.09.14"]
[Round "1.2"]
[White "Einarsson, Halldor Gretar"]
[Black "Thorhallsson, Simon"]
[Result "0-1"]
[WhiteElo "2258"]
[BlackElo "2215"]
[Annotator "TA"]
[PlyCount "77"]
[EventDate "2020.09.13"]
[EventType "tourn"]
[EventCountry "ISL"]
[SourceTitle "playchess.com"]
[Source "ChessBase"]
[SourceQuality "1"]

{[%evp 23,77,16,17,8,9,7,-8,-18,-27,-33,0,-54,-50,-72,-60,-158,-111,-109,-96,-134,-102,-139,-100,-117,-92,-85,-57,-165,-175,-153,-176,-171,-124,-147,-143,-138,-140,-148,-158,-139,-149,-155,-136,-145,-135,-192,-152,-241,-234,-371,-341,-635,-628,-623,-623,-602]} 1. d4 Nf6 2. c4 e6 3. Nf3 c5 4. d5 d6 5. Nc3 exd5 6. cxd5 g6 7. e4 Bg7 8. h3 O-O 9. Bd3 b5 10. Nxb5 Re8 11. O-O Nxe4 12. Re1 a6 13. Na3 {A70: Modern Benoni: 6 e4 g6 7 Nf3.} Nf6 $1 14. Rxe8+ Nxe8 15. Qa4 {The position is equal.} Nd7 16. Bg5 Bf6 {[#]} 17. Bxf6 $146 (17. Re1 $11) ({Predecessor:} 17. Qh4 Ne5 18. Bxf6 Nxf3+ 19. gxf3 Qxf6 20. Qxf6 Nxf6 21. Nc4 Bb7 22. Nxd6 Bxd5 23. Ne4 Nxe4 24. fxe4 Be6 {½-½ (24) Sahil,T (2259)-Liu,Z (2380) Novi Sad 2019}) 17... Ndxf6 $15 18. Re1 Bb7 19. Qh4 (19. Bc4 $15) 19... Kg7 20. Nc4 Bxd5 21. Nh2 Be6 22. b3 d5 23. Ne3 Nd6 24. Qf4 Nde4 25. f3 ({White should try} 25. Neg4 $15) 25... Qd6 $19 26. Qxd6 Nxd6 27. Nhg4 Nxg4 28. hxg4 a5 29. f4 d4 30. f5 Bxb3 31. axb3 dxe3 32. Rxe3 $17 {[%mdl 4096] Endgame KRB-KRN} a4 33. bxa4 Rxa4 34. Re5 (34. fxg6 $17 {was called for.} c4 35. Be2) 34... Rd4 ({Don't play} 34... Rxg4 35. fxg6 Rd4 36. Be2 $17) 35. Bc2 (35. Be2 $17) 35... c4 $19 36. g5 (36. Kf1 $142) 36... gxf5 37. Bxf5 $2 {[#]} (37. Kf1) 37... c3 38. Bc2 Rd2 39. Ba4 {Accuracy: White = 44%, Black = 72%.} 0-1

[Event "120th Taflfelag Reykjavik-A 2020"]
[Site "Reykjavik"]
[Date "2020.09.14"]
[Round "1.3"]
[White "Thorfinnsson, Bragi"]
[Black "Stefansson, Vignir Vatnar"]
[Result "1/2-1/2"]
[WhiteElo "2427"]
[BlackElo "2301"]
[Annotator "TA"]
[PlyCount "157"]
[EventDate "2020.09.13"]
[EventType "tourn"]
[EventCountry "ISL"]
[SourceTitle "playchess.com"]
[Source "ChessBase"]
[SourceQuality "1"]

{[%evp 9,157,-14,-14,-25,-18,-14,-13,-17,-16,-16,-14,-18,-14,-25,-23,-22,-20,-20,-2,-17,7,6,5,5,28,28,35,39,60,60,105,106,112,109,122,27,16,17,60,0,0,0,32,33,24,41,85,93,99,101,133,134,120,132,151,135,134,147,181,178,180,141,147,154,183,170,186,70,247,261,310,329,320,308,328,301,292,345,526,528,513,503,491,503,525,489,464,499,523,519,516,517,656,559,630,362,468,400,362,310,265,309,321,321,312,312,312,304,283,292,495,489,483,471,445,463,425,375,367,220,217,210,308,280,347,351,352,342,276,230,295,266,354,345,226,76,80,78,73,51,52,53,51,51,68,41,47,45,48,0]} 1. c4 e5 2. Nc3 Nc6 3. d3 Nf6 4. e4 Bc5 5. Be2 d6 6. Be3 {A22: English Opening: 1...e5 2 Nc3 Nf6.} O-O 7. Nf3 Bg4 {[#]} 8. Qd2 $146 {The position is equal.} ({Predecessor:} 8. O-O Qd7 9. h3 Be6 10. Nd5 Nxd5 11. exd5 Bf5 12. dxc6 Qxc6 13. Bxc5 dxc5 14. Qd2 Qa6 15. a3 Qa4 16. g4 Be6 {½-½ (16) Barbieru,A (1015)-Soare,I (1001) Baile Felix 2017}) 8... Bxf3 9. Bxf3 Nd4 10. Bd1 Ne6 11. O-O c6 12. Rc1 a6 13. a3 b5 14. b4 Bd4 15. Bxd4 Nxd4 16. Ne2 {[%cal Bc3e2,Be2d4,Bd4f5,Bf5e7][%mdl 32]} Qb6 17. c5 dxc5 18. Rxc5 Nd7 19. Nxd4 Nxc5 20. bxc5 Qxc5 21. Nf5 f6 22. Qb4 ({White should try} 22. Qb2 $16) 22... Qxb4 $11 23. axb4 Rfd8 24. Ne7+ (24. f4 $14) 24... Kf8 25. Nxc6 Rxd3 (25... Rd6 $5 {[%cal Rd6c6]} 26. Na5 Rxd3 $11) 26. Bg4 Rc3 27. Bd7 Rd3 28. Be6 $1 Rc3 29. Na5 $1 Rd8 {next ...Rd4 is good for Black.} 30. Bd5 Rd7 31. g3 Ke7 32. Ra1 Rdc7 33. Nb3 Ra7 34. h4 g6 35. Kg2 f5 36. Na5 {aiming for Nc6+.} Rac7 37. Nb7 fxe4 38. Nc5 (38. Bxe4 R3c4 $11) (38. Rxa6 $18 {And now Nc5 would win.} Rd3 39. Re6+ {[%mdl 64] Double Attack} (39. Bxe4 Rd4 $14) 39... Kf8 40. Bxe4) 38... e3 $2 (38... Ra7 $14) 39. fxe3 $1 $18 ({Weaker is} 39. Rxa6 Rc2 $14) 39... Ra7 40. Rf1 Ke8 41. Kf3 a5 42. Ne4 Rc2 43. Nd6+ Kd7 (43... Ke7 $142) 44. Nxb5 Ra6 {Hoping for ...Rf6+.} 45. Ke4 axb4 46. Kxe5 b3 47. Nd4 Rc3 48. Nxb3 Rb6 49. Nd2 Rxe3+ 50. Ne4 $1 h6 51. Rf7+ Ke8 52. Rh7 h5 53. Rg7 Re1 54. Ra7 Rf1 55. Nd6+ Kf8 56. Be4 Re1 57. Rf7+ Kg8 58. Rf6 Kh7 {and the idea ...Rb3 leaves Black hopeful.} 59. Re6 {Threatens to win with Kf6.} Rb3 $2 (59... Ra6 60. Kd4 Rd1+ 61. Kc5 Rc1+ 62. Kb5 Rca1 63. Bxg6+ Kg8) 60. Re7+ Kh6 {[#]} 61. Nf7+ $1 Kg7 62. Ng5+ Kf8 63. Rf7+ Kg8 {intending ...Rb5+.} 64. Rf3 (64. Rf6 $142) 64... Rb5+ 65. Kf4 Kg7 (65... Rb6 {was worth a try.} 66. Ra3 Kf8 67. Ra8+ Kg7) 66. Rc3 Rf1+ 67. Nf3 Rb6 68. Rc7+ Kf8 69. Ke3 Rb3+ 70. Ke2 Ra1 71. Bxg6 Raa3 {[#]} 72. Ng5 ({Much less strong is} 72. Bxh5 $6 Rb2+ 73. Kd1 Rg2 $16) (72. Rf7+ $1 $18 {and the rest is easy.} Kg8 73. Rf4 (73. Bxh5 Rb5 $14) 73... Rb2+ 74. Kf1) 72... Rb2+ $16 73. Bc2 {Nh7+ is the strong threat.} Rxg3 74. Nh7+ Ke8 {White is slightly better.} 75. Nf6+ Kd8 76. Rc4 Rh3 77. Kd2 Rh2+ 78. Kd3 Rh3+ 79. Kd2 {Black escapes into a draw. Accuracy: White = 77%, Black = 72%.} 1/2-1/2

[Event "120th Taflfelag Reykjavik-A 2020"]
[Site "Reykjavik"]
[Date "2020.09.16"]
[Round "2.1"]
[White "Gretarsson, Hjorvar Steinn"]
[Black "Sigfusson, Sigurdur"]
[Result "1-0"]
[WhiteElo "2579"]
[BlackElo "2276"]
[Annotator "TA"]
[PlyCount "49"]
[EventDate "2020.09.13"]
[EventType "tourn"]
[EventCountry "ISL"]
[SourceTitle "playchess.com"]
[Source "ChessBase"]
[SourceQuality "1"]

{[%evp 14,49,39,36,60,62,59,55,73,67,70,77,107,90,97,87,114,82,75,86,89,77,98,97,150,150,199,187,194,203,355,364,364,351,400,407,401,404]} 1. d4 Nf6 2. c4 g6 3. Nc3 Bg7 4. e4 d6 5. h3 O-O 6. Be3 c5 7. Nf3 cxd4 8. Nxd4 Nbd7 {[%cal Bb8d7,Bd7e5,Be5c6,Bc6a5][%mdl 32] E90: King's Indian: Classical: Early deviations and 6 h3.} 9. g3 a6 10. Bg2 Ne5 {[#]White is slightly better.} 11. b3 $1 Bd7 12. O-O Rc8 13. Rc1 Qa5 14. Qd2 {[#]} Rfd8 $146 ({Predecessor:} 14... Qd8 15. Bh6 Nc6 16. Nf3 Be6 17. Bxg7 Kxg7 18. Rcd1 Qb6 19. Nd5 Bxd5 20. exd5 Nb8 {1-0 (79) Perez Pinazo,C (1805)-Anton Escudero,M (2105) Tarrega 1995}) 15. a4 Nc6 16. Nde2 Qb4 17. Qc2 Na5 18. Rb1 d5 (18... Nc6 $142) 19. cxd5 $16 (19. Nxd5 $6 Nxd5 20. exd5 Bf5 $14) 19... e6 20. Qd2 exd5 {[#]} 21. e5 $1 {[%cal Re5f6]} (21. exd5 $6 Bf5 $14) (21. Nxd5 $6 Nxd5 22. exd5 Qxd2 $16) 21... d4 $2 (21... Ne8 22. Nxd5 Qxd2 23. Bxd2 Nc6) 22. Qxd4 $18 {White is winning.} (22. Bxd4 Be6 $16) 22... Qxd4 23. Bxd4 Bf5 24. exf6 Bxb1 25. Rxb1 {Accuracy: White = 93%, Black = 52%.} ({Don't play} 25. Nxb1 Nxb3 26. Bc3 (26. fxg7 Nxd4 27. Nxd4 Rxd4 $14) (26. Bxb7 Rb8 $18) 26... Bf8 $18) ({Much less strong is} 25. fxg7 Bd3 $18) 1-0

[Event "120th Taflfelag Reykjavik-A 2020"]
[Site "Reykjavik"]
[Date "2020.09.17"]
[Round "2.2"]
[White "Kjartansson, David"]
[Black "Gretarsson, Helgi Ass"]
[Result "1/2-1/2"]
[WhiteElo "2338"]
[BlackElo "2401"]
[Annotator "ChessBase"]
[PlyCount "53"]
[EventDate "2020.09.13"]
[EventType "tourn"]
[EventCountry "ISL"]
[SourceTitle "playchess.com"]
[Source "ChessBase"]
[SourceQuality "1"]
[TimeControl "40/5400+15:1800+30"]

1. d4 {[%emt 0:01:25]} d5 {[%emt 0:00:00]} 2. c4 {[%emt 0:01:02]} c6 {[%emt 0:00:00]} 3. cxd5 {[%emt 0:00:29]} cxd5 {[%emt 0:00:00]} 4. Nc3 {[%emt 0:00:17]} Nf6 {[%emt 0:00:27]} 5. Bf4 {[%emt 0:00:00]} Nc6 {[%emt 0:00:00]} 6. e3 {[%emt 0:00:00]} a6 {[%emt 0:00:00]} 7. Bd3 {[%emt 0:00:00]} Bg4 {[%emt 0:00:00]} 8. Nge2 {[%emt 0:00:48]} e6 {[%emt 0:03:07]} 9. O-O {[%emt 0:01:37]} Bd6 {[%emt 0:01:41]} 10. f3 {[%emt 0:01:10]} Bh5 {[%emt 0:00:00]} 11. Rc1 {[%emt 0:00:19]} Bg6 {[%emt 0:05:28]} 12. Na4 {[%emt 0:05:46]} O-O {[%emt 0:30:48]} 13. Nc5 {[%emt 0:01:18]} Bxf4 {[%emt 0:01:02]} 14. Nxf4 {[%emt 0:00:00]} Qb6 {[%emt 0:00:10]} 15. Bxg6 {[%emt 0:15:58]} hxg6 {[%emt 0:00:00]} 16. Nfd3 {[%emt 0:00:05]} Rfc8 {[%emt 0:01:28]} 17. Qb3 {[%emt 0:03:39]} Qxb3 {[%emt 0:01:52]} 18. Nxb3 {[%emt 0:02:17]} b6 {[%emt 0:25:51]} 19. Rc3 {[%emt 0:00:44]} Ne8 {[%emt 0:00:27]} 20. Rfc1 {[%emt 0:02:00]} Ne7 {[%emt 0:00:14]} 21. Ne5 {[%emt 0:03:36]} Rxc3 {[%emt 0:01:29]} 22. Rxc3 {[%emt 0:00:00]} Rc8 {[%emt 0:00:00]} 23. Rxc8 {[%emt 0:04:17]} Nxc8 {[%emt 0:00:00]} 24. Kf2 {[%emt 0:00:20]} g5 {[%emt 0:01:39]} 25. Nd2 {[%emt 0:03:11]} f6 {[%emt 0:03:45]} 26. Nd3 {[%emt 0:00:08]} Kf7 {[%emt 0:00:00]} 27. Nb1 {[%emt 0:00:01]} 1/2-1/2

[Event "120th Taflfelag Reykjavik-A 2020"]
[Site "Reykjavik"]
[Date "2020.09.16"]
[Round "2.3"]
[White "Stefansson, Vignir Vatnar"]
[Black "Kjartansson, Gudmundur"]
[Result "0-1"]
[WhiteElo "2301"]
[BlackElo "2466"]
[Annotator "TA"]
[PlyCount "52"]
[EventDate "2020.09.13"]
[EventType "tourn"]
[EventCountry "ISL"]
[SourceTitle "playchess.com"]
[Source "ChessBase"]
[SourceQuality "1"]

{[%evp 19,52,0,0,0,21,0,0,0,4,0,46,0,7,-51,0,-8,-8,-8,-6,-6,-8,-43,-40,-52,-49,-347,-222,-282,-292,-285,-288,-778,-761,-1280,-1256]} 1. e4 e5 2. Nf3 Nf6 3. Nxe5 d6 4. Nf3 Nxe4 5. Nc3 Nxc3 6. dxc3 Be7 7. Be3 O-O 8. Qd2 Nd7 9. O-O-O c6 {9...Nf6 gains popularity.} 10. Bd3 d5 11. h4 {C42: Petroff Defence: 3 Nxe5 and unusual White 3rd moves.} Nc5 12. Ng5 h6 13. Kb1 {The position is equal.} hxg5 ({Resist} 13... Nxd3 14. Qxd3 hxg5 15. hxg5 $17) 14. hxg5 Nxd3 15. Qxd3 {[%csl Gh1][%cal Rd3h7]} f5 {[#]} ({Don't go for} 15... g6 $2 16. Bd4 $18) 16. gxf6 $146 ({White should play} 16. g6 $1 $11 Qe8 17. Bc5 $1 {[%mdl 512]}) ({Predecessor:} 16. g6 Qe8 17. Bc5 f4 18. Rde1 Bf5 19. Qd1 Qxg6 20. Rxe7 b6 21. Bd4 Rf7 22. Ree1 Rff8 23. Re7 Rf7 24. Ree1 Rff8 25. Re7 {½-½ (25) Sethuraman,S (2637)-Wei,Y (2733) Astana 2019}) 16... Bxf6 (16... Rxf6 $15 17. g4 Kf7) 17. Qh7+ Kf7 {And now ...Qd6 would win.} 18. Qh5+ g6 19. Qh7+ Bg7 $1 20. Rh6 Bf5 $1 21. Bd4 Rg8 {[#] Threatens to win with ...Qe7.} 22. f4 $2 {[%mdl 8192] This costs White the game.} ({White must play} 22. g4 $1 $15 {[%mdl 512]} Qg5 {[%mdl 64] Double Attack} (22... Bxg4 23. Qxg6+) 23. Rh4) 22... c5 23. g4 Be4 24. Be5 {Hoping for f5.} Qe7 25. f5 $2 (25. Re1 Kf8 26. c4 {[%mdl 64] Remove Defender}) 25... Qxe5 $19 26. Rxg6 Rh8 {Accuracy: White = 47%, Black = 75%.} 0-1

[Event "120th Taflfelag Reykjavik-A 2020"]
[Site "Reykjavik"]
[Date "2020.09.16"]
[Round "2.4"]
[White "Thorhallsson, Simon"]
[Black "Thorfinnsson, Bragi"]
[Result "0-1"]
[WhiteElo "2215"]
[BlackElo "2427"]
[Annotator "TA"]
[PlyCount "104"]
[EventDate "2020.09.13"]
[EventType "tourn"]
[EventCountry "ISL"]
[SourceTitle "playchess.com"]
[Source "ChessBase"]
[SourceQuality "1"]

{[%evp 20,104,36,23,35,25,42,0,39,0,5,-44,-5,-5,8,-16,37,-39,0,-13,10,0,3,-40,-40,-42,-61,-177,-163,-167,-165,-168,-52,-52,-50,-50,-50,-52,-60,-46,-47,-32,0,0,-6,-174,-162,-162,-141,-159,-157,-124,-139,-144,-139,-157,-158,-398,-394,-400,-385,-398,-397,-399,-368,-390,-377,-370,-356,-409,-409,-443,-445,-467,-459,-455,-429,-484,-472,-618,-574,-801,-791,-1168,-1116,-1415,-1377]} 1. e4 c5 2. Nf3 Nc6 3. d4 cxd4 4. Nxd4 Nf6 5. Nc3 d6 6. Bg5 Bd7 7. Qd2 a6 8. O-O-O e6 9. f3 Qc7 10. Kb1 Be7 11. h4 h6 {B67: Sicilian: Richter-Rauzer: 7...a6 8 0-0-0 Bd7, lines without 9 f4 Be7.} 12. Be3 h5 13. Bg5 Ne5 {The position is equal.} 14. f4 Neg4 15. Nf3 {[#]} Bc6 $146 (15... b5 $5 {[%cal Rb5b4]} 16. a3 Bc6 $11) ({Predecessor:} 15... b5 16. e5 b4 17. exf6 bxc3 18. fxg7 Rg8 19. Qd3 Rxg7 20. Bxe7 Kxe7 21. Nd4 Nf2 {1-0 (35) Ter Sahakyan,S (2640)-David,A (2428) chess.com INT 2020}) 16. Bd3 O-O-O 17. Rhe1 Kb8 (17... Qb6 $11) 18. Qe2 (18. Nd4 $14) 18... Rc8 19. Nd4 Qb6 20. Nxc6+ Rxc6 21. Ka1 Rhc8 22. e5 Rxc3 23. exf6 ({White should try} 23. bxc3 $15 Qa5 24. exf6) 23... gxf6 $19 24. bxc3 {[#] Rb1 is the strong threat.} fxg5 25. hxg5 {Threatens to win with Rb1.} ({Don't play} 25. fxg5 Qa5 $17) 25... Bf8 (25... Qa5 $19 26. Rb1 Qxc3+ 27. Rb2 Bf8) 26. Rb1 $15 Qa5 {Hoping for ...Bg7!} 27. Rb3 $1 {aiming for Reb1.} Bg7 $1 28. Kb1 Rxc3 29. Rc1 $1 Qc5 $40 {[%mdl 128] Black is up to no good.} 30. Qe4 $1 {[%csl Gb3][%cal Re4b7]} d5 31. Qa4 Ka7 32. Bxa6 $2 (32. g3 $11 {and White stays safe.}) 32... bxa6 $19 33. Qd7+ Qc7 34. Qxc7+ Rxc7 35. Rh1 Nf2 36. Rxh5 {next Rh7 is good for White.} Ne4 37. Kc1 Bc3 {And now ...Bd2+ would win.} 38. Rh7 $2 (38. Kd1 $17 {keeps fighting.}) 38... Bd2+ {[%mdl 64] [#] Double Attack} 39. Kd1 {Strongly threatening g6!} Bxf4 40. g6 fxg6 41. Rxc7+ Bxc7 42. Rf3 Kb6 43. Ke2 Kc5 44. Kd3 Kd6 45. Rf7 g5 {Black is clearly winning.} 46. Rg7 Bb6 47. Ke2 a5 {[%cal Ba6a5,Ba5a4,Ba4a3][%mdl 32]} 48. Kd3 Ke5 49. Ke2 a4 50. Rb7 Bd4 51. Rb4 a3 52. Kd3 Bb2 {Accuracy: White = 49%, Black = 80%.} 0-1

[Event "120th Taflfelag Reykjavik-A 2020"]
[Site "Reykjavik"]
[Date "2020.09.16"]
[Round "2.5"]
[White "Bjornsson, Sigurbjorn"]
[Black "Einarsson, Halldor Gretar"]
[Result "1-0"]
[WhiteElo "2357"]
[BlackElo "2258"]
[Annotator "TA"]
[PlyCount "55"]
[EventDate "2020.09.13"]
[EventType "tourn"]
[EventCountry "ISL"]
[SourceTitle "playchess.com"]
[Source "ChessBase"]
[SourceQuality "1"]

{[%evp 24,55,39,40,41,37,45,35,33,40,31,16,101,66,132,85,110,83,95,89,92,57,157,143,260,241,1925,1913,1908,1888,1815,1677,2226,2225]} 1. e4 c5 2. Nf3 Nc6 3. d4 cxd4 4. Nxd4 Nf6 5. Nc3 e5 6. Ndb5 d6 7. Bg5 a6 8. Na3 b5 9. Nd5 Be7 10. Bxf6 Bxf6 11. c3 Bb7 12. Nc2 Nb8 13. Nce3 O-O {B33: Sicilian: Pelikan and Sveshnikov Variations.} 14. a4 bxa4 15. Rxa4 Nd7 {White is slightly better.} 16. h4 Nc5 {[#]} 17. Ra2 $146 ({Predecessor:} 17. Rc4 a5 18. b4 axb4 19. cxb4 Ne6 20. g3 Nd4 21. Bd3 Ra3 22. Rc3 Rxc3 23. Nxc3 {1-0 (56) Zagrebelny,S (2510)-Gagarin,V (2440) Moscow 1995}) 17... g6 (17... Nxe4 $11 18. Qf3 Nc5) 18. Qf3 Be7 ({Better is} 18... Bg7 $14) 19. h5 Bg5 20. Bc4 {aiming for hxg6.} (20. hxg6 $6 fxg6 21. Qh3 h6 $11) 20... Kg7 {[#]} 21. b4 $1 {[%cal Rb4c5]} ({But not} 21. hxg6 $6 fxg6 22. Qh3 h5 $11) 21... Ne6 22. Qh3 {Black must now prevent hxg6.} Nf4 (22... h6 $1 $14) 23. Nxf4 $16 exf4 (23... Bc8 $16 24. Ne6+ Bxe6 25. Bxe6 fxe6) 24. hxg6 $40 {[%mdl 128] Black is in trouble.} Bxe4 $2 {[#]} (24... hxg6 25. Qh7+ Kf6) 25. Qxh7+ $1 {White is clearly winning.} Kf6 26. Ng4+ Ke7 27. Re2 d5 28. g7 {Accuracy: White = 75%, Black = 38%.} 1-0

[Event "120th Taflfelag Reykjavik-A 2020"]
[Site "Reykjavik"]
[Date "2020.09.19"]
[Round "3.1"]
[White "Einarsson, Halldor Gretar"]
[Black "Gretarsson, Hjorvar Steinn"]
[Result "0-1"]
[WhiteElo "2258"]
[BlackElo "2579"]
[Annotator "TA"]
[PlyCount "58"]
[EventDate "2020.09.13"]
[EventType "tourn"]
[EventCountry "ISL"]
[SourceTitle "playchess.com"]
[Source "ChessBase"]
[SourceQuality "1"]

{[%evp 12,58,23,23,20,22,20,12,16,16,10,0,0,2,0,0,0,0,13,18,25,-21,-14,-26,-20,-38,-35,-133,-79,-167,-89,-171,-168,-245,-171,-169,-155,-170,-167,-313,-308,-479,-337,-470,-464,-577,-586,-775,-769]} 1. d4 d5 2. c4 dxc4 3. e4 Nf6 4. e5 Nd5 5. Bxc4 Nb6 6. Bb3 Nc6 7. Nf3 Bf5 {D20: Queen's Gambit Accepted: 3 e3 and 3 e4.} 8. Nc3 e6 9. h3 {9.Be3 gains popularity.} Nb4 {The position is equal.} 10. O-O Be7 11. Be3 Qd7 {[#]} 12. a3 $146 ({Predecessor:} 12. Qd2 N4d5 13. Rfc1 c6 14. a4 a5 15. Ne1 Nb4 16. Bd1 h6 17. f4 Rd8 18. Be2 {0-1 (42) Knuedel,T (1553)-Suvorov,A (1941) Willingen 2015}) 12... N4d5 $1 13. Qe2 h6 14. Bd2 O-O 15. Ne4 Na4 16. Ng3 Bg6 17. Bc1 Rac8 18. Rd1 Rfd8 19. Nh2 {[#]} (19. Ne4 $15) 19... c5 (19... Nac3 $142 $1 {[%mdl 512]} 20. bxc3 Nxc3 {[%mdl 64] Double Attack}) 20. Ng4 {[#]} (20. Nf3 $17 {is a better defense.}) 20... Qc6 (20... Nac3 $1 $19 {[%mdl 512]} 21. bxc3 c4) 21. Bc4 (21. dxc5 $17 Nxc5 22. Bc2) 21... cxd4 $19 22. Rxd4 (22. Bb5 $142 d3 23. Qxd3) 22... Ndc3 23. bxc3 Nxc3 ({Don't play} 23... Rxd4 24. cxd4 Qxc4 25. Qxc4 $17) 24. Rxd8+ Bxd8 25. Qe3 (25. Qb2 {was necessary.} Qxc4 26. Qxb7) 25... Qxc4 26. Qxa7 (26. Bb2 $142 Qb3 27. Bxc3 Rxc3 28. Qe1) 26... Qc6 {White must now prevent ...Bb6.} 27. Be3 h5 {Black is clearly winning.} 28. Nh2 h4 29. Ngf1 b6 {Accuracy: White = 38%, Black = 76%.} 0-1

[Event "120th Taflfelag Reykjavik-A 2020"]
[Site "Reykjavik"]
[Date "2020.09.19"]
[Round "3.2"]
[White "Thorfinnsson, Bragi"]
[Black "Bjornsson, Sigurbjorn"]
[Result "1-0"]
[WhiteElo "2427"]
[BlackElo "2357"]
[Annotator "TA"]
[PlyCount "91"]
[EventDate "2020.09.13"]
[EventType "tourn"]
[EventCountry "ISL"]
[SourceTitle "playchess.com"]
[Source "ChessBase"]
[SourceQuality "1"]

{[%evp 9,91,6,15,21,22,17,23,0,0,-22,1,-2,11,2,14,-13,-16,-29,-2,-8,0,-12,0,0,0,0,0,0,0,0,0,0,0,0,0,-33,-39,-79,-43,-64,-34,-38,-7,-127,0,0,0,-58,102,97,85,68,95,84,103,98,93,70,87,0,0,0,33,0,16,14,48,31,67,32,55,39,48,0,91,89,157,182,123,137,29978,29968,29968,29964]} 1. d4 Nf6 2. Bf4 c5 3. d5 d6 4. Nc3 e5 5. dxe6 Bxe6 6. e4 {A45: Trompowsky Attack.} Be7 7. Nf3 O-O 8. Ng5 {White has an edge.} Nc6 {[#]} 9. Qd2 $146 ({Predecessor:} 9. Nxe6 fxe6 10. Bc4 Nd4 11. Be3 d5 12. Bd3 Nc6 13. exd5 exd5 14. Bg5 c4 15. Be2 {0-1 (55) Esipenko,A (2593)-Paravyan,D (2634) St Petersburg 2018}) 9... Nd4 10. Bd3 a6 11. O-O Bd7 12. e5 dxe5 13. Bxe5 h6 (13... Ng4 $5 14. Bf4 $8 (14. Bxh7+ $2 Kh8 $19) 14... h6 $11) 14. Nge4 Nxe4 15. Bxe4 Bc6 16. Rad1 {[%cal Re5d4]} Bxe4 17. Nxe4 {[%cal Re5d4]} Qd5 18. Bxd4 cxd4 19. Qxd4 Qxa2 20. Qb6 Rfe8 21. Rd7 Qc4 22. Ng3 Qxc2 23. Rxb7 a5 (23... Bc5 $5 {[%cal Rc5b6]} 24. Qa5 Qc4 $15) 24. Qb5 Bb4 25. Nf5 Qxb2 {Hoping for ...Qe2.} 26. Nd6 (26. Ne7+ $1 $11 {was the only way to keep the balance.} Kh8 27. Nc6) 26... Rf8 {[#]} (26... Re6 $1 $17 {[%cal Re6d6]} 27. Nc4 (27. Nxf7 $2 Qf6 $19) (27. Rb8+ $2 Rxb8 28. Qxb8+ Kh7 $17) 27... Qe2) 27. Nxf7 $1 $11 {[%mdl 512]} Rae8 {...Qe2 is the strong threat.} ({Don't blunder} 27... Rxf7 $2 28. Rxf7 Rd8 29. Rc7 $18) 28. Qd5 (28. Qc4 $11 Qe2 29. Nxh6+ Kh8 30. Nf7+ Kg8 31. Nh6+ {[%mdl 64] Discovered Attack (Double check)} Kh8 32. Qxe2 Rxe2 33. Ng4) 28... Qf6 $2 (28... Qe2 $1 $15 {keeps the upper hand.} 29. Nd6+ Qe6) 29. Nxh6+ $1 $16 Kh7 {( -> ...Qxf2+!)} 30. Ng4 Qf5 31. Qd4 $1 {[%csl Gb7][%cal Rd4g7]} Rf7 32. Rxf7 Qxf7 33. Ne5 Qf5 {[#]} 34. Nd3 (34. Nf3 $1 $16) 34... Be7 $11 35. Qa4 Rd8 36. Nc1 Bb4 37. Ne2 Qc5 38. Qb3 $36 {[%mdl 2048] Black is under pressure.} Rd6 39. Ng3 Qd5 40. Qc2+ Qd3 41. Qc8 Rd7 {[#]} (41... a4 $1 $11 {keeps the balance.}) 42. Ne4 $1 $16 {[%cal Re4g5][%mdl 512]} Re7 ({Better is} 42... Be7) (42... Qxe4 43. Qxd7) 43. Qf5+ Kh8 44. Rc1 {Rc8+ would kill now.} Qxe4 $4 {[%mdl 8192]} (44... Rc7 $16 45. Ra1 (45. Qh5+ Kg8 $16) 45... Re7) 45. Rc8+ Re8 46. Qh5+ {[%mdl 64] Double Attack. Accuracy: White = 69%, Black = 59%.} 1-0